00536nam a2200193 a 4500001001300000003000900013005001700022008004100039020001200080082001400092100003000106245005800136260003600194300000900230500003500239505001700274650001300291650003800304nice12345678IN_TiNIC20260116013811.0050524s1987 lona grp 000 0 eng  ac662.300a230bSCH2 aSchleiermacher, Freidrich aFriedrich Schleiermacherb Pioneer of Modern Theology aLondonbWatts and Companyc1987 a281p aincludes index and biblioraphy2 aNotes, Index aTheology aSchleiermacher Friedrich-Theology